000 00354nam a2200133Ia 4500
008 100328s9999 xx 000 0 und d
082 _b60236
100 _aसाधू अरुण
245 _aसिंहासन.
260 _bगं्रथाली.
630 _aसिंहासन.
730 _aसिंहासन.
942 _cBOOK
999 _c546398
_d546395